Trouvez les bons départements - île de France - Statistiques

Statistiques générales
  • Ce quiz a été pris 60 fois
  • Le résultat moyen est 71 sur 120
Statistiques - réponses
Hint Réponse % Correct
Saint Denis Seine-Saint-Denis
81%
Évry Essonne
77%
Bondy Seine-Saint-Denis
77%
Aulnay-sous-Bois Seine-Saint-Denis
77%
Rambouillet Yvelines
77%
Le Blanc Mesnil Seine-Saint-Denis
74%
Saint Germain en laye Yvelines
74%
Les Ulis Essonne
72%
Nanterre Hauts-de-Seine
72%
Asnières-sur-Seine Hauts-de-Seine
72%
Melun Seine-et-Marne
72%
Montreuil Seine-Saint-Denis
72%
Sevran Seine-Saint-Denis
72%
Aubervilliers Seine-Saint-Denis
72%
Vitry-sur-Seine Val-de-Marne
72%
Villejuif Val-de-Marne
72%
Créteil Val-de-Marne
72%
Trappes Yvelines
72%
Colombes Hauts-de-Seine
70%
Boulogne Billancourt Hauts-de-Seine
70%
Puteaux Hauts-de-Seine
70%
Courbevoie Hauts-de-Seine
70%
Meaux Seine-et-Marne
70%
Cergy Val d'Oise
70%
Mantes la Jolie Yvelines
70%
Versailles Yvelines
70%
Palaiseau Essonne
67%
Savigny-sur-Orge Essonne
67%
Massy Essonne
67%
Bobigny Seine-Saint-Denis
67%
Drancy Seine-Saint-Denis
67%
La Courneuve Seine-Saint-Denis
67%
Saint Maur des Fossés Val-de-Marne
67%
Sarcelles Val d'Oise
67%
Sartrouville Yvelines
67%
Corbeil Essonne Essonne
65%
Provins Seine-et-Marne
65%
Chelles Seine-et-Marne
65%
Noisy-le-Grand Seine-Saint-Denis
65%
Arpajon Essonne
63%
Neuilly sur seine Hauts-de-Seine
63%
Torcy Seine-et-Marne
63%
Gagny Seine-Saint-Denis
63%
Orly Val-de-Marne
63%
Alfortville Val-de-Marne
63%
Ivry-sur-Seine Val-de-Marne
63%
Nogent-sur-Marne Val-de-Marne
63%
Argenteuil Val d'Oise
63%
Plaisir Yvelines
63%
Saint Cyr l'école Yvelines
63%
Étampes Essonne
60%
Meudon Hauts-de-Seine
60%
Saint Cloud Hauts-de-Seine
60%
Sèvres Hauts-de-Seine
60%
Clichy Hauts-de-Seine
60%
Chatillon Hauts-de-Seine
60%
Vincennes Val-de-Marne
60%
Maisons Alfort Val-de-Marne
60%
Pontoise Val d'Oise
60%
Houilles Yvelines
60%
Poissy Yvelines
60%
Athis-Mons Essonne
58%
Saint Michel sur Orge Essonne
58%
Morsang sur Orge Essonne
58%
Clichy Hauts-de-Seine
58%
Antony Hauts-de-Seine
58%
Le Mée sur Seine Seine-et-Marne
58%
Stains Seine-Saint-Denis
58%
Champigny-sur-Marne Val-de-Marne
58%
Rungis Val-de-Marne
58%
Villiers-sur-Marne Val-de-Marne
58%
Goussainville Val d'Oise
58%
Gonesse Val d'Oise
58%
Issy-les-Moulineaux Hauts-de-Seine
56%
Chatenay Malabry Hauts-de-Seine
56%
Saint Ouen Seine-Saint-Denis
56%
Franconville Val d'Oise
56%
Eaubonne Val d'Oise
56%
Guyancourt Yvelines
56%
Viry-Chatillon Essonne
53%
Sceaux Hauts-de-Seine
53%
Moissy Cramayel Seine-et-Marne
53%
Mitry Mory Seine-et-Marne
53%
Savigny le Temple Seine-et-Marne
53%
Champs sur Marne Seine-et-Marne
53%
Coulommiers Seine-et-Marne
53%
Livry-Gargan Seine-Saint-Denis
53%
Le Perreux sur Marne Val-de-Marne
53%
Chatou Yvelines
53%
Draveil Essonne
51%
Orsay Essonne
51%
Lognes Seine-et-Marne
51%
Noisiel Seine-et-Marne
51%
Sannois Val d'Oise
51%
Conflans Sainte Honorine Yvelines
51%
Montigny le Bretonneux Yvelines
51%
Gif sur Yvette Essonne
49%
Nemours Seine-et-Marne
49%
Fontenay sous Bois Val-de-Marne
49%
Eragny Val d'Oise
49%
Saint Ouen L'aumône Val d'Oise
49%
L'îsle Adam Val d'Oise
49%
Ermont Val d'Oise
49%
Longjumeau Essonne
47%
Dammarie les Lys Seine-et-Marne
47%
Yerres Essonne
44%
Serris Seine-et-Marne
44%
Roissy en Brie Seine-et-Marne
44%
Sucy en Brie Val-de-Marne
44%
Boissy saint Léger Val-de-Marne
44%
Vaux le Pénil Seine-et-Marne
42%
Osny Val d'Oise
42%
Groslay Val d'Oise
40%
Maurepas Yvelines
40%
Fontenay-aux-Roses Hauts-de-Seine
37%
Achères Yvelines
35%
Neuilly sur Marne Seine-Saint-Denis
33%
Bezons Val d'Oise
33%
Vauréal Val d'Oise
30%
Le Plessis-Trévise Val-de-Marne
28%
Aucun quiz correspondant
Distribution des résultats
% des personnes avec chaque résultat
Percentile par nombre de réponses
Votre historique - résultats
Vous n’avez pas pris ce quiz